000 00456nam a2200169 4500
008 0 1988 0a 000 0MEX
020 _a968-451-886-4
050 _aHB171.5 S222
082 _a338.5 S719t
100 _aSalvatore, Dominick
245 _aTeoria y problemas de microeconomia / Dominick Salvatore
250 _a2
260 _aMéxico : McGRAHILL
300 _a343P. / 27cm.
440 _aSerie Shaum's
650 _a1.MICROECONOMIA
999 _c21089
_d21089